[Event "Punta del Este Alekhine op 2nd"]
[Site "Punta del Este"]
[Date "2024.04.27"]
[Round "2"]
[White "Vazquez, Ricardo"]
[Black "Froz, Daniel"]
[Result "0-1"]
[WhiteElo "1788"]
[BlackElo "1738"]
[PlyCount "88"]
[EventDate "2024.04.26"]
[EventType "swiss"]
[EventRounds "5"]
[EventCountry "URU"]
[SourceTitle "EXT 2025"]
[Source "ChessBase"]
[SourceDate "2024.10.14"]
[SourceVersion "1"]
[SourceVersionDate "2024.10.14"]
[SourceQuality "1"]

1. e4 e6 2. d4 d5 3. Nd2 c5 4. Bb5+ Bd7 5. Qe2 Nc6 6. Bxc6 Bxc6 7. dxc5 Bxc5 8. Ngf3 a6 9. Nb3 Ba7 10. exd5 Qxd5 11. c4 Qe4 12. Qxe4 Bxe4 13. Ke2 Nf6 14. Be3 Bxe3 15. Kxe3 Ke7 16. Nbd2 Bg6 17. b3 h6 18. Ne5 Bh7 19. f3 Rhd8 20. b4 Rd6 21. c5 Rd5 22. Ndc4 Rxe5+ 23. Nxe5 Nd5+ 24. Kd4 Nxb4 25. Kc3 Nd5+ 26. Kb3 f6 27. Nc4 Rc8 28. Nb6 Rxc5 29. Nxd5+ exd5 30. Rac1 b6 31. Rxc5 bxc5 32. f4 Kd6 33. Re1 Be4 34. g3 g6 35. Re2 Kc6 36. Kc3 f5 37. g4 d4+ 38. Kd2 Kd5 39. gxf5 gxf5 40. Re1 c4 41. Rg1 c3+ 42. Kc1 d3 43. Rg6 d2+ 44. Kd1 Bf3+ 0-1

[Event "Punta del Este Alekhine op 2nd"]
[Site "Punta del Este"]
[Date "2024.04.26"]
[Round "1"]
[White "Froz, Daniel"]
[Black "Bustelo, Tabare"]
[Result "0-1"]
[WhiteElo "1738"]
[BlackElo "1968"]
[PlyCount "74"]
[EventDate "2024.04.26"]
[EventType "swiss"]
[EventRounds "5"]
[EventCountry "URU"]
[SourceTitle "EXT 2025"]
[Source "ChessBase"]
[SourceDate "2024.10.14"]
[SourceVersion "1"]
[SourceVersionDate "2024.10.14"]
[SourceQuality "1"]

1. e4 Nc6 2. d4 e5 3. c3 Nf6 4. Bg5 h6 5. Bxf6 Qxf6 6. Nf3 exd4 7. cxd4 Bb4+ 8. Nc3 d6 9. Qb3 Nxd4 10. Nxd4 Qxd4 11. Bc4 Bxc3+ 12. bxc3 Qxe4+ 13. Kf1 0-0 14. Re1 Qg6 15. f3 c6 16. Kf2 d5 17. Be2 b6 18. Rhf1 Be6 19. Qb2 Rad8 20. Kg1 Rd7 21. Rf2 Rfd8 22. Rd1 Qf6 23. Bd3 Bf5 24. Qc2 Bxd3 25. Qxd3 c5 26. Re2 d4 27. Rde1 Qg6 28. Re4 Kh7 29. c4 Re7 30. a4 Rde8 31. a5 Rxe4 32. Rxe4 bxa5 33. Qe2 Rxe4 34. fxe4 a4 35. Kf1 a3 36. Ke1 Qa6 37. e5 a2 0-1

[Event "URU-chT Regional"]
[Site "Punta del Este"]
[Date "2020.11.01"]
[Round "3.1"]
[White "Muzzi, Eduardo"]
[Black "Froz, Daniel"]
[Result "1-0"]
[WhiteElo "1906"]
[BlackElo "1670"]
[PlyCount "49"]
[EventDate "2020.10.31"]
[EventType "team-swiss"]
[EventRounds "5"]
[EventCountry "URU"]
[SourceTitle "CBM 199 Extra"]
[Source "ChessBase"]
[SourceDate "2021.01.31"]
[SourceVersion "1"]
[SourceVersionDate "2021.01.31"]
[SourceQuality "1"]
[WhiteTeam "Florida"]
[BlackTeam "Maldonado"]
[WhiteTeamCountry "URU"]
[BlackTeamCountry "URU"]

1. e4 e6 2. d4 d5 3. e5 c5 4. Nf3 Nc6 5. Bd3 Qb6 6. 0-0 cxd4 7. a3 Qc7 8. Re1 a6 9. Bf4 Bc5 10. Nbd2 Ba7 11. Bg3 Nge7 12. c4 dxc3 13. bxc3 Ng6 14. c4 dxc4 15. Nxc4 0-0 16. Nd6 Qe7 17. Qc2 Nd4 18. Nxd4 Bxd4 19. Rad1 b6 20. Bxg6 Bxf2+ 21. Qxf2 fxg6 22. Qxb6 Bd7 23. Qc7 Qd8 24. Qxd8 Raxd8 25. Nb7 1-0